000 01848nam a22003377a 4500
001 0038970
003 KOHA_MİRAKIL
005 20260207003116.0
007 ta
008 121113b2012 tu |||gr||||#||||0|tur |
020 _a9789758918447
040 _aTR-BiSEU
_btur
_cTR-BiSEU
_erda
041 0 _atur
044 _ctu
050 _aJZ1436
_b.A98 2012
100 1 _aAytürk, Nihat.
245 1 _aProtokol yönetimi :
_bkamusal yaşamda protokol kuralları/
_cNihat Aytürk ; Nihat Aytürk.
250 _a 6. Baskı
264 1 _aAnkara :
_bTürkiye ve Orta Doğu Amme İdaresi Enstitüsü
_c2012
300 _aXIX, 450 sayfa ;
_c20 cm
336 _ametin
_btxt
_2rdacontent
337 _aaracısız
_bn
_2rdamedia
338 _acilt
_bnc
_2rdacarrier
490 0 _aTODAİE
500 _aKaynakça ve dizin var.
505 _aProtokolün Anlam ve Önemi
_xKurumlarda Protokol Birimleri ve Görevleri
_xProtokol İlkeleri
_xProtokol Türleri
_xProtokol Listeleri
_xMakam Protokolü
_xUlusal ve Kurumsal Bayrak Protokolü
_xResmi, Özel ve Sosyal Taşıt Protokolü
_xToplantı ve Brifing protokolü
_xTören protokolü:
_xMillî, Resmî, Mahallî ve Dinî Törenler
_xKarşılama ve Uğurlama Törenleri
_xGörev Devir-Teslim Törenleri
_xİmza Törenleri
_xKutlama Törenler (Bayram, yılbaşı vb.)
_xCenaze Törenleri
_xKurumsal Törenler ve Törensel Etkinlikler (Temel Atma, Açılış, Anma, diploma vb.)
_xTörenlerde Oturma Düzenleri
_xTörenlerde Konuşma Yöntemleri
_xProtokol Yazıları
_xResmî Yazışmalarda Protokol Kuralları
_xZiyaret ve Konuk Protokolü
_xDavet ve Ziyafet Protokolü (Resepsiyon, Kokteyl ve Resmî Yemekler)
_xGiyim Protokolü)
_xYönetsel Davranış Protokolü
_xSosyal Davranış Protokolü
650 0 _aProtokol.
_972613
650 0 _aProtokol İlkeleri.
_972614
830 0 _aTODAİE
_924640
942 _2lcc
_cBK
999 _c38848
_d38848